00480nam a2200193 a 4500001001300000003000900013005001700022008004100039020001200080082001600092100001900108245002500127260003900152300000900191500003500200505001000235650002200245700001900267nice12345678IN_TiNIC20260116015200.0050524s1997 lona grp 000 0 hin  ac336.600a491.43bALL aAllerton, Mark aHindi in Three Month aLondonbHugo`s Language Bookc1997 a143p aincludes index and biblioraphy2 aIndex aHindi Course Book1 aAllerton, Mark